Every Single Franchise to Appear in Super Smash Bros Ultimat - Statistics

General Stats
  • This quiz has been taken 97 times
  • The average score is 21 of 42
Answer Stats
Hint Answer % Correct
Fighter Super Mario Bros
100%
Fighter Donkey Kong
90%
Fighter Pokemon
90%
Fighter The Legend Of Zelda
89%
Fighter Kirby
87%
Fighter Metroid
84%
Fighter Star Fox
82%
Fighter Yoshi
82%
Fighter Fire Emblem
74%
Fighter F-Zero
74%
Fighter Pac Man
69%
Fighter Earthbound
68%
Fighter Sonic The Hedgehog
68%
Fighter Mega Man
65%
Fighter Kid Icarus
61%
Fighter Bayonetta
58%
Fighter Street Fighter
58%
Fighter Castlevania
55%
Fighter Final Fantasy
55%
Fighter Wario Ware
55%
Fighter Wii Fit
55%
Fighter Game and Watch
53%
Fighter Metal Gear Solid
52%
Fighter R.O.B
52%
Fighter Ice Climbers
50%
Fighter Punch Out
50%
Fighter Duck Hunt
47%
Fighter Xenoblade Chronicles
42%
Fighter Animal Crossing
39%
Fighter Mii
39%
Fighter Splatoon
39%
Fighter Pikmin
37%
Assist Shovel Knight
21%
Assist Arms
19%
Assist Bomberman
16%
Assist Golden Sun
15%
Assist Monster Hunter
8%
Assist Fatal Frame
6%
Assist Joy Mech Fight
5%
Assist Virtua Fighter
5%
Assist Nintendo Badge Arcade
2%
Assist Fly O'clock
0%
No matching quizzes found
Score Distribution
Percent of People with Each Score
Percentile by Number Answered
Your Score History
You have not taken this quiz